Hướng dẫn thiết kế - lắp đặt mạng điện xí nghiệp - công nghiệp

Сохранить в:
Библиографические подробности
Главный автор: Trần THẾ SAN
Формат:
Язык:Undetermined
Опубликовано: Đà Nẵng Đà Nẵng 2001
Предметы:
Метки: Добавить метку
Нет меток, Требуется 1-ая метка записи!
Thư viện lưu trữ: Trung tâm Học liệu Trường Đại học Cần Thơ
LEADER 00663nam a2200181Ia 4500
001 CTU_47328
008 210402s9999 xx 000 0 und d
082 |a 621.319 
082 |b S105 
100 |a Trần THẾ SAN 
245 0 |a Hướng dẫn thiết kế - lắp đặt mạng điện xí nghiệp - công nghiệp 
245 0 |c Trần THẾ SAN, Nguyễn Trọng Thắng 
260 |a Đà Nẵng 
260 |b Đà Nẵng 
260 |c 2001 
650 |a eleclectric power distribution,electric network analysis,electric power transmission 
904 |i Minh 
980 |a Trung tâm Học liệu Trường Đại học Cần Thơ